[Event "Titled Tuesday intern op1 4th Febr"]
[Site "Chess.com INT"]
[Date "2020.02.04"]
[Round "2"]
[White "Boruchovsky, Avital"]
[Black "Ermolaev, Evgeny"]
[Result "1-0"]
[WhiteElo "2535"]
[BlackElo "2289"]
[PlyCount "107"]
[EventDate "2020.02.04"]
[EventType "swiss (blitz)"]
[EventRounds "10"]
[EventCountry "USA"]
[SourceTitle "EXT 2021"]
[Source "ChessBase"]
[SourceDate "2020.10.23"]
[SourceVersion "1"]
[SourceVersionDate "2020.10.23"]
[SourceQuality "1"]

1. e4 c5 2. Nf3 d6 3. Bb5+ Nd7 4. 0-0 a6 5. Bd3 g6 6. c3 Bg7 7. Bc2 e5 8. d4 Ne7 9. Re1 0-0 10. a4 b6 11. Na3 Bb7 12. Nc4 Qc7 13. dxe5 dxe5 14. Qd6 Qxd6 15. Nxd6 Bc6 16. Nc4 b5 17. Na5 Rac8 18. Bg5 f6 19. Nxc6 Nxc6 20. Be3 Rfd8 21. axb5 axb5 22. Red1 Bf8 23. h4 Nb6 24. Rxd8 Rxd8 25. Ra6 Rb8 26. Bd3 b4 27. Bb5 bxc3 28. bxc3 Nd8 29. h5 Ne6 30. hxg6 hxg6 31. Nh4 Nc7 32. Ra5 Ra8 33. Rxa8 Nbxa8 34. Bc6 Kg7 35. Kf1 Nb6 36. Ke2 Ne6 37. g3 Nc4 38. Bc1 Nd6 39. Kd3 f5 40. f3 Kf6 41. Bd5 c4+ 42. Ke2 Nc5 43. exf5 gxf5 44. Ng2 Nd3 45. Bd2 Nb2 46. Ne3 Bh6 47. Nxc4 Nbxc4 48. Bxh6 Nb6 49. Bb3 Nb5 50. Bd2 Nd6 51. Be3 Nbc4 52. Bc5 e4 53. f4 Ke6 54. Bxd6 1-0

[Event "Titled Tuesday intern op 4th Febr"]
[Site "Chess.com INT"]
[Date "2020.02.04"]
[Round "5"]
[White "Ermolaev, Evgeny"]
[Black "Chabris, Christopher"]
[Result "1-0"]
[WhiteElo "2289"]
[BlackElo "2137"]
[PlyCount "73"]
[EventDate "2020.02.04"]
[EventType "swiss (blitz)"]
[EventRounds "10"]
[EventCountry "USA"]
[SourceTitle "EXT 2021"]
[Source "ChessBase"]
[SourceDate "2020.10.23"]
[SourceVersion "1"]
[SourceVersionDate "2020.10.23"]
[SourceQuality "1"]

1. e4 e5 2. Nf3 Nc6 3. Bc4 Nf6 4. d3 Be7 5. Nbd2 0-0 6. Bb3 d6 7. c3 Na5 8. Bc2 c5 9. Nf1 Nc6 10. Ne3 d5 11. Qe2 d4 12. Nc4 Qc7 13. a4 Be6 14. 0-0 h6 15. Nfd2 Rad8 16. g3 Bg4 17. f3 Bh3 18. Rf2 Nh7 19. Nf1 f5 20. exf5 Bxf5 21. f4 Bh3 22. Bd2 g5 23. Nxe5 Nxe5 24. Qxe5 Qxe5 25. fxe5 Rxf2 26. Kxf2 Rf8+ 27. Kg1 g4 28. Bxh6 Rf5 29. Re1 Ng5 30. Nd2 Kh7 31. Bxg5 Bxg5 32. Nc4 Be3+ 33. Nxe3 dxe3 34. d4 Kg6 35. Rxe3 Kg5 36. Bxf5 Kxf5 37. e6 1-0

[Event "Titled Tuesday intern op 4th Febr"]
[Site "Chess.com INT"]
[Date "2020.02.04"]
[Round "3"]
[White "Kozak, Alexandr"]
[Black "Ermolaev, Evgeny"]
[Result "0-1"]
[WhiteElo "2260"]
[BlackElo "2289"]
[PlyCount "164"]
[EventDate "2020.02.04"]
[EventType "swiss (blitz)"]
[EventRounds "10"]
[EventCountry "USA"]
[SourceTitle "EXT 2021"]
[Source "ChessBase"]
[SourceDate "2020.10.23"]
[SourceVersion "1"]
[SourceVersionDate "2020.10.23"]
[SourceQuality "1"]

1. e4 c5 2. c3 d5 3. exd5 Qxd5 4. d4 Bf5 5. Nf3 e6 6. Be2 cxd4 7. Nxd4 Be4 8. 0-0 Nc6 9. Nb5 0-0-0 10. Qxd5 exd5 11. Be3 a6 12. Na7+ Nxa7 13. Bxa7 Ne7 14. Nd2 Nc6 15. Bb6 Re8 16. Rfe1 Bd6 17. Bg4+ Kb8 18. Nxe4 dxe4 19. Bf5 Re5 20. Bd7 Rb5 21. Bd4 Nxd4 22. cxd4 Rxb2 23. Rxe4 Rd8 24. Ba4 Bc7 25. Bb3 Bb6 26. Rd1 f5 27. Rf4 g6 28. h4 Re8 29. d5 Ree2 30. Rf1 Kc7 31. g3 Kd6 32. h5 Bc5 33. Kg2 b5 34. hxg6 hxg6 35. g4 Ke5 36. Kg3 Bd6 37. gxf5 Kf6 38. fxg6+ Bxf4+ 39. Kxf4 Rxf2+ 40. Rxf2 Rxf2+ 41. Ke4 Rd2 42. g7 Kxg7 43. Ke5 Kf8 44. Kd6 Ke8 45. Kc6 Rh2 46. d6 Rh6 47. Kc7 Rh7+ 48. Kc6 Kd8 49. Bd5 Rh3 50. Be6 Re3 51. Bg8 Ra3 52. Be6 b4 53. Kc5 a5 54. Kb5 Re3 55. Bb3 Re5+ 56. Kc6 Rh5 57. Bf7 Rg5 58. Bb3 Rf5 59. Ba4 Rf2 60. Bb3 a4 61. Bxa4 Rxa2 62. Kb5 Rb2 63. Kc4 Rd2 64. Kxb4 Rd4+ 65. Kc5 Rxa4 66. Kc6 Rh4 67. Kd5 Kd7 68. Ke5 Rh5+ 69. Ke4 Kxd6 70. Kd4 Rh4+ 71. Kd3 Ke5 72. Kc3 Kd5 73. Kd3 Rh3+ 74. Kd2 Kd4 75. Kc2 Rg3 76. Kb2 Kc4 77. Kc2 Rg2+ 78. Kd1 Kd3 79. Ke1 Ra2 80. Kf1 Ke3 81. Kg1 Kf3 82. Kf1 Ra1# 0-1

[Event "Titled Tuesday intern op 2nd July"]
[Site "Chess.com INT"]
[Date "2019.07.02"]
[Round "2"]
[White "Ermolaev, Evgeny"]
[Black "Martirosyan, Haik M"]
[Result "0-1"]
[WhiteElo "2277"]
[BlackElo "2619"]
[PlyCount "76"]
[EventDate "2019.07.02"]
[EventType "swiss (blitz)"]
[EventRounds "10"]
[EventCountry "USA"]
[SourceTitle "EXT 2021"]
[Source "ChessBase"]
[SourceDate "2020.10.23"]
[SourceVersion "1"]
[SourceVersionDate "2020.10.23"]
[SourceQuality "1"]

1. e4 c5 2. Nf3 Nc6 3. Bb5 e6 4. 0-0 Nge7 5. Re1 a6 6. Bxc6 Nxc6 7. d4 cxd4 8. Nxd4 d6 9. Nc3 Be7 10. Be3 0-0 11. f4 Bd7 12. Qf3 b5 13. Rad1 b4 14. Nce2 Qa5 15. e5 Nxd4 16. Nxd4 dxe5 17. Nb3 Qc7 18. fxe5 Bc6 19. Qg3 Rfd8 20. Bg5 Bxg5 21. Qxg5 h6 22. Qg3 a5 23. Nd4 Rd5 24. Nxc6 Qxc6 25. Rxd5 Qxd5 26. Qb3 Qd4+ 27. Kh1 Rd8 28. h3 Qf2 29. Rc1 Rd2 30. Qf3 Qxf3 31. gxf3 Kf8 32. a3 Ke7 33. axb4 axb4 34. c4 Rxb2 35. c5 b3 36. c6 Rc2 37. Rb1 b2 38. c7 Kd7 0-1